00723 2200193 4500245004300000020001800043250001100061100002500072700002300097700000900120650001700129005001900146260003700165041001400202084000800216300002500224500027100249336000900520 aBubble GumcAdzimattinur SiregarhText a979-56-0126-1 aCet. 1 aAdzimattinur Siregar aDian Yasmina Fajri aTari aNovel Remaja a20231002134623 aJakartabGema Insani Pressc2006 aIndonesia a813 a174 hlm. :c17.5 cm. aKenalin nih band dengan vokalis elgo, anak pejabat pajak yang kece dan punya suara emas. Elgo ini orangnya modis apik banget-banget. Gitaris pendiem, lucas mantan coverboy SMP. Karena nggak betah disayang-sayang sama penata riasnya yang hombreng, doi ngundurin diri. atext